000 00622nam a2200217 4500
001 113570
003 ES-MaACL
005 20240521124636.0
007 t|
008 061121s1982 sp r ||||1| spa d
100 1 _aPalao, Paloma.
_988473
245 1 0 _aContemplación del destierro /
_cPaloma Palao ; prólogo Manuel Alvar.
260 _aMadrid :
_bAyuso,
_c1982.
300 _a80 p. ;
_c20 cm.
490 1 _aEndymion ;
_v29
700 1 _aAlvar, Manuel,
_d1923-2001
_920583
830 0 _aEndymión ;
_v29
_9178235
852 _aES-MaACL
_jL-2884
_bR.103547
942 _2udc
999 _c113570
_d113570